|
|
|
|
| LEADER |
00000nab a2200000 ar4500 |
| 001 |
vtls008984654 |
| 003 |
SK-MaSNL |
| 005 |
20260303065408.0 |
| 008 |
070429c2007 xo wr|p|||||||000 b|slo |
| 015 |
|
|
|a SNBRB2007/04
|2 snkbucl
|
| 038 |
|
|
|a SNKBUCL
|
| 040 |
|
|
|a SNKBUCL
|b slo
|c SNKBUCL
|e AACR2
|
| 041 |
0 |
|
|a slo
|
| 044 |
|
|
|a xo
|c SK
|
| 080 |
|
|
|a 796.71.093.1
|2 2001
|
| 100 |
1 |
|
|a Kríž, Peter
|4 aut
|9 856749
|
| 245 |
1 |
0 |
|a Duel pokračuje
|b Veľká cena Bahrajnu
|c Peter Kríž
|
| 300 |
|
|
|b Fotogr.
|
| 611 |
2 |
7 |
|a Veľká cena Bahrajnu monopostov F1
|d (2007)
|2 snkbucl
|9 1064901
|
| 650 |
0 |
7 |
|a automobilizmus
|2 snkbucl
|9 13242
|
| 650 |
0 |
7 |
|a automobily F1
|2 snkbucl
|9 872140
|
| 773 |
0 |
|
|t Stop
|g Roč. XXXVII, č. 8 (2007), s. 49
|x 1335-0730
|
| 852 |
|
|
|a SNK
|b KIS3GCP
|
| 999 |
|
|
|c 1751033
|d 1752963
|